Trên biên giới Việt - Trung : Chiến tranh tâm lý của đích và hoạt động văn hoá của ta /

সংরক্ষণ করুন:
গ্রন্থ-পঞ্জীর বিবরন
প্রধান লেখক: Nông Quốc Chấn.
বিন্যাস: প্রবন্ধ
ভাষা:Vietnamese
বিষয়গুলি:
ট্যাগগুলো: ট্যাগ যুক্ত করুন
কোনো ট্যাগ নেই, প্রথমজন হিসাবে ট্যাগ করুন!
Thư viện lưu trữ: Thư viện Trường Đại học Đà Lạt
LEADER 00837nam a2200277 4500
001 DLU090101964
005 ##20091202
040 # # |a DLU  |b vie 
041 # # |a vie 
044 # # |a vn 
100 # # |a Nông Quốc Chấn. 
245 # # |a Trên biên giới Việt - Trung :  |b Chiến tranh tâm lý của đích và hoạt động văn hoá của ta /  |c Nông Quốc Chấn. 
653 # # |a Đấu tranh tư tưởng 
653 # # |a Biên giới 
653 # # |a Trung Quốc 
653 # # |a Việt Nam 
773 # # |t Văn hoá Nghệ thuật  |g Số 6, 1982, tr. 5-7 
920 # # |a Phòng Tạp chí -- Trung tâm Thông tin - Thư viện Trường Đại học Đà Lạt 
994 # # |a DLU 
900 # # |a True 
911 # # |a Đào Thị Thu Huyền 
925 # # |a G 
926 # # |a A 
927 # # |a BB 
980 # # |a Thư viện Trường Đại học Đà Lạt